Pays avec le plus de Français - Statistiques

Statistiques générales
  • Ce quiz a été pris 387 fois
  • Le résultat moyen est 5 sur 9
Statistiques - réponses
Personnes Pays % Correct
9.6 million Canada
95%
9.4 million États-Unis
95%
3 million Royaume-Uni
77%
1 million Brésil
67%
148,000 Australie
61%
6 million Argentine
48%
500,000-800,000 Chili
24%
700,000 Afrique du Sud
17%
300,000 Uruguay
11%
Aucun quiz correspondant
Distribution des résultats
% des personnes avec chaque résultat
Percentile par nombre de réponses
Votre historique - résultats
Vous n’avez pas pris ce quiz